Vista normal
Vista MARC
Entrada Materia (personas)
Número de registros utilizados en: 2
001 - CONTROL NUMBER
- control field: 47392
003 - CONTROL NUMBER IDENTIFIER
- control field: Co-BoUCM
005 - DATE AND TIME OF LATEST TRANSACTION
- control field: 20131004124552.0
008 - FIXED-LENGTH DATA ELEMENTS
- fixed length control field: 131004|| aca||aabn | a|a d
040 ## - CATALOGING SOURCE
- Original cataloging agency: Co-BoUCM
- Transcribing agency: Co-BoUCM
100 ## - HEADING--PERSONAL NAME
- Personal name: Martin, Gus
670 ## - SOURCE DATA FOUND
- Source citation: Work cat.: (Co-BoUCM)181049: Martin, Gus, Understanding terrorism, 2003